Evolución política comunicación de masas / (Registro nro. 7462)
[ vista simple ]
| 000 -LEADER | |
|---|---|
| fixed length control field | 01024nam a22002297a 4500 |
| 003 - CONTROL NUMBER IDENTIFIER | |
| control field | OSt |
| 005 - DATE AND TIME OF LATEST TRANSACTION | |
| control field | 20210305154708.0 |
| 008 - FIXED-LENGTH DATA ELEMENTS--GENERAL INFORMATION | |
| fixed length control field | 210305s1969 ck ||||gr|||| 00| 0 spa d |
| 040 ## - CATALOGING SOURCE | |
| Original cataloging agency | CO-JMCR |
| Transcribing agency | CO-JMCR |
| 041 1# - LANGUAGE CODE | |
| Language code of text/sound track or separate title | spa |
| Language code of original | eng |
| 082 04 - DEWEY DECIMAL CLASSIFICATION NUMBER | |
| Classification number | 301.24 / |
| Item number | P995e |
| Edition number | 23 |
| 100 1# - MAIN ENTRY--PERSONAL NAME | |
| Personal name | Pye, Lucian W., |
| Relator term | autor |
| 9 (RLIN) | 14438 |
| 245 10 - TITLE STATEMENT | |
| Title | Evolución política comunicación de masas / |
| Statement of responsibility, etc. | Lucian W. Pye ; traducción de Jean Puglisi |
| 260 ## - PUBLICATION, DISTRIBUTION, ETC. | |
| Place of publication, distribution, etc. | Argentina : |
| Name of publisher, distributor, etc. | Troquel, |
| Date of publication, distribution, etc. | 1969 |
| 300 ## - PHYSICAL DESCRIPTION | |
| Extent | 441 páginas ; |
| Dimensions | 23 cm. |
| 500 ## - GENERAL NOTE | |
| General note | Notas a pie de página. |
| 520 0# - SUMMARY, ETC. | |
| Summary, etc. | El advenimiento de la sociedad de masas, fenómeno típicamente occidental iniciado a principios de este siglo, a obligado a replantear una serie de problemas, entre ellos el de las comunicaciones, el más decisivo sin duda, y particularmente en función de la evolución política paralela. |
| 650 14 - SUBJECT ADDED ENTRY--TOPICAL TERM | |
| Topical term or geographic name entry element | Relaciones públicas y política |
| 9 (RLIN) | 14439 |
| 650 24 - SUBJECT ADDED ENTRY--TOPICAL TERM | |
| Topical term or geographic name entry element | Comunicación |
| General subdivision | Aspectos sociales |
| 9 (RLIN) | 14440 |
| 700 ## - ADDED ENTRY--PERSONAL NAME | |
| Personal name | Puglisi, Jean, |
| Relator term | traductor |
| 9 (RLIN) | 14441 |
| 942 ## - ADDED ENTRY ELEMENTS (KOHA) | |
| Source of classification or shelving scheme | Dewey Decimal Classification |
| Koha item type | Books |
| Withdrawn status | Lost status | Source of classification or shelving scheme | Damaged status | Not for loan | Home library | Current library | Shelving location | Date acquired | Source of acquisition | Full call number | Barcode | Date last seen | Copy number | Price effective from | Koha item type |
|---|---|---|---|---|---|---|---|---|---|---|---|---|---|---|---|
| Dewey Decimal Classification | Biblioteca Pública José María del Castillo y Rada | Biblioteca Pública José María del Castillo y Rada | General Stacks | Donación | 301.24 / P995e | 201811457 | 05/16/2024 | Ej.1 | Books |